000 00333 a2200145 4500
003 Nust
005 20170207154215.0
040 _cNust
082 _a378.4
245 _aKeele Uni -UG Prospectus 1999
_cKeele Uni
260 _aKeele
_bKeele Uni
_c1999
300 _a172 p.
538 _aAlmirah No. 117 Shelf No. 1
650 _aUG Prospectus
942 _2ddc
_cBK
999 _c195089
_d195089